[Event "Privolzhskogo FO-ch"]
[Site "Kazan"]
[Date "2009.01.28"]
[Round "8"]
[White "Panchenko, Alexander N"]
[Black "Gorozhankina, Julia"]
[Result "1-0"]
[WhiteElo "2279"]
[BlackElo "2080"]
[PlyCount "47"]
[EventDate "2009.01.21"]
[EventType "swiss"]
[EventRounds "9"]
[EventCountry "RUS"]
[SourceTitle "EXT 2010"]
[Source "ChessBase"]
[SourceDate "2010.11.25"]
[SourceVersion "1"]
[SourceVersionDate "2010.11.25"]
[SourceQuality "1"]

1. d4 Nf6 2. Nf3 g6 3. Bg5 Ne4 4. Bh4 Bg7 5. e3 d5 6. c4 c5 7. Nc3 Nxc3 8. bxc3 Nc6 9. cxd5 Qxd5 10. Be2 0-0 11. 0-0 Bf5 12. a4 Rfe8 13. Rc1 cxd4 14. cxd4 e5 15. Bc4 Qa5 16. Bxf7+ Kh8 17. Bxe8 Rxe8 18. Rc5 Qb6 19. Rb5 Qc7 20. dxe5 Nxe5 21. Nxe5 Bxe5 22. Bg3 Bxg3 23. hxg3 a6 24. Qd4+ 1-0

[Event "Tatarstan-ch op"]
[Site "Kazan"]
[Date "2008.08.26"]
[Round "6"]
[White "Panchenko, Alexander N"]
[Black "Isajevsky, Anton"]
[Result "1/2-1/2"]
[WhiteElo "2286"]
[BlackElo "2440"]
[PlyCount "28"]
[EventDate "2008.08.21"]
[EventType "swiss"]
[EventRounds "9"]
[EventCountry "RUS"]
[SourceTitle "EXT 2010"]
[Source "ChessBase"]
[SourceDate "2010.11.25"]
[SourceVersion "1"]
[SourceVersionDate "2010.11.25"]
[SourceQuality "1"]

1. d4 d5 2. Nf3 Nf6 3. c4 e6 4. Nc3 Be7 5. Bg5 h6 6. Bh4 0-0 7. e3 b6 8. cxd5 Nxd5 9. Bxe7 Qxe7 10. Nxd5 exd5 11. Be2 Be6 12. 0-0 c5 13. Rc1 Rc8 14. dxc5 bxc5 1/2-1/2

[Event "Tatarstan-ch op"]
[Site "Kazan"]
[Date "2008.08.23"]
[Round "3"]
[White "Sabaev, Evgueni"]
[Black "Panchenko, Alexander N"]
[Result "1-0"]
[WhiteElo "2248"]
[BlackElo "2286"]
[PlyCount "75"]
[EventDate "2008.08.21"]
[EventType "swiss"]
[EventRounds "9"]
[EventCountry "RUS"]
[SourceTitle "EXT 2010"]
[Source "ChessBase"]
[SourceDate "2010.11.25"]
[SourceVersion "1"]
[SourceVersionDate "2010.11.25"]
[SourceQuality "1"]

1. e4 c5 2. Nf3 d6 3. Bb5+ Bd7 4. Bxd7+ Nxd7 5. c4 g6 6. 0-0 Bg7 7. Nc3 e5 8. d3 Ne7 9. Ne1 f5 10. exf5 Nxf5 11. Nc2 0-0 12. Ne3 h6 13. Ned5 Nf6 14. Nxf6+ Rxf6 15. Nd5 Rf7 16. Rb1 Ne7 17. Nxe7+ Rxe7 18. Qg4 Kh7 19. Qe4 Qd7 20. b4 Rd8 21. Be3 b6 22. f3 cxb4 23. Rxb4 d5 24. Qh4 Rf7 25. Rb5 dxc4 26. dxc4 Rc8 27. Rc1 Qd3 28. Rb3 Qe2 29. Qe4 Qxa2 30. Rd3 Qa4 31. Rd6 Rf5 32. g4 Rf7 33. Qxg6+ Kg8 34. Bxh6 Qe8 35. Rcd1 Rfc7 36. Qg5 Kh7 37. Qf5+ Kg8 38. Rd7 1-0

[Event "Nezhmetdinov Memorial 30th"]
[Site "Kazan"]
[Date "2008.06.09"]
[Round "9"]
[White "Panchenko, Alexander N"]
[Black "Semenova, Elena"]
[Result "1-0"]
[WhiteElo "2286"]
[BlackElo "2038"]
[PlyCount "169"]
[EventDate "2008.06.01"]
[EventType "swiss"]
[EventRounds "9"]
[EventCountry "RUS"]
[SourceTitle "EXT 2009"]
[Source "ChessBase"]
[SourceDate "2008.11.26"]
[SourceVersion "1"]
[SourceVersionDate "2008.11.26"]
[SourceQuality "1"]

1. e4 e5 2. f4 exf4 3. Bc4 Nf6 4. e5 d5 5. Bb5+ Bd7 6. Be2 Ne4 7. Nf3 Be7 8. 0-0 g5 9. d3 Bc5+ 10. d4 Bb6 11. Nc3 Bf5 12. a4 Nc6 13. Bb5 a6 14. Bxc6+ bxc6 15. a5 Ba7 16. Na4 c5 17. dxc5 Nxc5 18. Nxc5 Bxc5+ 19. Kh1 0-0 20. c3 h6 21. b4 Be7 22. g3 fxg3 23. Nxg5 Bxg5 24. Rxf5 f6 25. exf6 Rxf6 26. Bxg5 g2+ 27. Kg1 Rxf5 28. Bxd8 Rf1+ 29. Kxg2 Rxd1 30. Rxd1 Rxd8 31. Kf3 Kf7 32. Ke3 Ke6 33. Kd4 Rf8 34. Kc5 Rf3 35. Rc1 Kd7 36. Kxd5 Rf5+ 37. Kc4 Rh5 38. Rg1 Kc6 39. Rg2 Rh4+ 40. Kb3 Rh3 41. Rf2 Kb7 42. Rc2 Kc6 43. Ka4 Rh5 44. c4 Rh4 45. Kb3 Rh3+ 46. Kb2 Rh4 47. Kc1 Rh3 48. Kb2 Rh4 49. Ka2 Rf4 50. Ka3 Rf1 51. Ka4 Rf4 52. Rg2 Rh4 53. Kb3 Rh3+ 54. Kc2 Rh4 55. Kd3 Kb7 56. b5 Rh5 57. Rb2 c6 58. b6 Rxa5 59. Kd4 Rh5 60. c5 Rh4+ 61. Kc3 Rh3+ 62. Kb4 Rh4+ 63. Kb3 Rh3+ 64. Ka4 Rh4+ 65. Rb4 Rh5 66. Rc4 Rf5 67. Kb4 Rh5 68. h4 Rf5 69. Re4 a5+ 70. Kc4 Ka6 71. Re8 Rf4+ 72. Kd3 Rf3+ 73. Ke4 Rc3 74. Ra8+ Kb7 75. Ra7+ Kb8 76. Rxa5 Rc1 77. Kf5 Rg1 78. Ke6 Rd1 79. Ra2 Rd5 80. Rc2 Rd4 81. Rf2 Rd5 82. Rf5 Rd8 83. Kf7 Rd4 84. Rh5 Rc4 85. Kg6 1-0

[Event "Nezhmetdinov Memorial 30th"]
[Site "Kazan"]
[Date "2008.06.08"]
[Round "8"]
[White "Zainullina, Nataliya"]
[Black "Panchenko, Alexander N"]
[Result "0-1"]
[WhiteElo "2179"]
[BlackElo "2286"]
[PlyCount "105"]
[EventDate "2008.06.01"]
[EventType "swiss"]
[EventRounds "9"]
[EventCountry "RUS"]
[SourceTitle "EXT 2009"]
[Source "ChessBase"]
[SourceDate "2008.11.26"]
[SourceVersion "1"]
[SourceVersionDate "2008.11.26"]
[SourceQuality "1"]

1. e4 c5 2. Nf3 d6 3. d4 cxd4 4. Nxd4 Nf6 5. Nc3 Nc6 6. Be2 e5 7. Nb3 Be7 8. 0-0 0-0 9. Be3 a5 10. a4 Nb4 11. f3 Be6 12. Nd2 Rc8 13. Rc1 d5 14. Nxd5 Nfxd5 15. exd5 Nxd5 16. Bf2 Bg5 17. Kh1 Ne3 18. Bxe3 Bxe3 19. Bd3 Qh4 20. Qe2 Bf4 21. g4 h5 22. gxh5 Qxh5 23. Rcd1 g6 24. Rf2 Kg7 25. Nf1 Rh8 26. Ne3 Rh7 27. Rg1 Rch8 28. Rgg2 Bh3 29. Rg1 Qh4 30. Nd5 Bg3 31. Rxg3 Qxg3 32. f4 Qh4 33. Qxe5+ Kh6 34. Rf3 Be6 35. Nf6 Rg7 36. Rg3 Rgg8 37. Nxg8+ Rxg8 38. f5 Bd7 39. fxg6 fxg6 40. Qe3+ Kh7 41. b3 Qh6 42. Qxh6+ Kxh6 43. Kg1 Bc6 44. Kf2 g5 45. Re3 Rf8+ 46. Kg3 Rf4 47. Re6+ Kg7 48. Rg6+ Kf7 49. Rxg5 Rf3+ 50. Kg4 Ke7 51. Rxa5 Rf2 52. h4 Rg2+ 53. Kf4 0-1

[Event "Nezhmetdinov Memorial 30th"]
[Site "Kazan"]
[Date "2008.06.04"]
[Round "4"]
[White "Panchenko, Alexander N"]
[Black "Zabotin, Alexander"]
[Result "0-1"]
[WhiteElo "2286"]
[BlackElo "2496"]
[PlyCount "64"]
[EventDate "2008.06.01"]
[EventType "swiss"]
[EventRounds "9"]
[EventCountry "RUS"]
[SourceTitle "EXT 2009"]
[Source "ChessBase"]
[SourceDate "2008.11.26"]
[SourceVersion "1"]
[SourceVersionDate "2008.11.26"]
[SourceQuality "1"]

1. e4 c5 2. Nf3 d6 3. d4 cxd4 4. Qxd4 Nc6 5. Bb5 e5 6. Qd3 h6 7. c4 a6 8. Bxc6+ bxc6 9. 0-0 c5 10. Nc3 Ne7 11. a3 Nc6 12. Nd5 a5 13. b3 Be7 14. Rd1 Rb8 15. Nxe7 Kxe7 16. h3 Be6 17. Rb1 Qc7 18. Bd2 g5 19. Bc3 Rb7 20. a4 f6 21. Nh2 Rhb8 22. Ba1 Rb6 23. Nf1 Nd8 24. Ne3 Nf7 25. Qc2 Qb7 26. Rd3 Qxe4 27. Qd2 Qa8 28. Qc2 Qb7 29. Qd1 f5 30. g4 f4 31. Nf5+ Bxf5 32. gxf5 Qe4 0-1

[Event "Nezhmetdinov Memorial 30th"]
[Site "Kazan"]
[Date "2008.06.01"]
[Round "1"]
[White "Panchenko, Alexander N"]
[Black "Matorkin, Dmitry Victorovich"]
[Result "1-0"]
[WhiteElo "2286"]
[BlackElo "1847"]
[PlyCount "123"]
[EventDate "2008.06.01"]
[EventType "swiss"]
[EventRounds "9"]
[EventCountry "RUS"]
[SourceTitle "EXT 2009"]
[Source "ChessBase"]
[SourceDate "2008.11.26"]
[SourceVersion "1"]
[SourceVersionDate "2008.11.26"]
[SourceQuality "1"]

1. e4 e6 2. d3 d5 3. Nd2 c5 4. Ngf3 Nf6 5. g3 Nc6 6. Bg2 Be7 7. 0-0 0-0 8. Re1 Re8 9. Qe2 b6 10. e5 Nd7 11. Nf1 Bb7 12. h4 Qc7 13. N1h2 Rac8 14. c3 Nf8 15. h5 b5 16. Ng4 d4 17. h6 g6 18. Bg5 Nd7 19. Bxe7 Nxe7 20. c4 bxc4 21. dxc4 Nf5 22. Ng5 Bxg2 23. Kxg2 Red8 24. Ne4 Kh8 25. Ng5 Kg8 26. Qf3 Qc6 27. Ne4 Kh8 28. b3 Rc7 29. Rad1 Rcc8 30. Rd3 a5 31. Qf4 g5 32. Qf3 Rg8 33. Nd2 Qxf3+ 34. Nxf3 Rg6 35. Rh1 Rcg8 36. Kf1 Ra8 37. Rh5 f6 38. exf6 Nxf6 39. Nxf6 Rxf6 40. Nxg5 Raf8 41. Ne4 Rxh6 42. Rxh6 Nxh6 43. Nxc5 e5 44. Ke2 Rd8 45. Ne4 Kg7 46. a3 Rb8 47. Nc5 Ng4 48. b4 axb4 49. Rb3 Nf6 50. axb4 Ra8 51. Rb2 Kf7 52. b5 Ne8 53. b6 Nd6 54. b7 Rb8 55. Nd7 Rxb7 56. Rxb7 Nxb7 57. Nxe5+ Ke6 58. Nf3 Nc5 59. Nxd4+ Ke5 60. Ke3 Nd7 61. Nf3+ Kf5 62. Kd4 1-0

[Event "Kazan Region-ch 6th"]
[Site "Kazan"]
[Date "2008.01.30"]
[Round "8"]
[White "Panchenko, Alexander N"]
[Black "Dimukhametov, Artur"]
[Result "1-0"]
[WhiteElo "2273"]
[BlackElo "2334"]
[PlyCount "95"]
[EventDate "2008.01.23"]
[EventType "swiss"]
[EventRounds "9"]
[EventCountry "RUS"]
[SourceTitle "CBM 122 Extra"]
[Source "ChessBase"]
[SourceDate "2008.03.04"]
[SourceVersion "1"]
[SourceVersionDate "2008.03.04"]
[SourceQuality "1"]

1. Nf3 d5 2. e3 e6 3. c4 Nf6 4. b3 c5 5. Bb2 Nc6 6. cxd5 exd5 7. Bb5 Bd6 8. 0-0 0-0 9. d4 Bg4 10. dxc5 Bxc5 11. Nc3 Rc8 12. Rc1 Bd6 13. Be2 a6 14. Nd4 Be6 15. Nxc6 Rxc6 16. Bf3 Be5 17. Na4 Bxb2 18. Rxc6 bxc6 19. Nxb2 Qa5 20. Na4 c5 21. Qe1 Qc7 22. Qc3 Rc8 23. Rc1 Nd7 24. b4 c4 25. Rd1 Qc6 26. Qc2 Ne5 27. Be2 Nd3 28. Bxd3 cxd3 29. Qxc6 Rxc6 30. Nc5 Bf5 31. f3 g6 32. g4 Be6 33. Rxd3 d4 34. exd4 Bxa2 35. d5 Rd6 36. Ne4 Rd8 37. Nf6+ Kg7 38. g5 h6 39. h4 Rb8 40. Rd4 hxg5 41. hxg5 Rb5 42. Kf2 a5 43. bxa5 Rxa5 44. Ke3 Ra3+ 45. Kf4 Ra5 46. d6 Be6 47. Ne4 Bf5 48. d7 1-0

[Event "Tatarstan-ch op"]
[Site "Kazan"]
[Date "2007.08.22"]
[Round "3"]
[White "Panchenko, Alexander N"]
[Black "Ponfilenok, Vladimir"]
[Result "1/2-1/2"]
[WhiteElo "2254"]
[BlackElo "2404"]
[PlyCount "159"]
[EventDate "2007.08.20"]
[EventType "swiss"]
[EventRounds "9"]
[EventCountry "RUS"]
[SourceTitle "EXT 2009"]
[Source "ChessBase"]
[SourceDate "2008.11.26"]
[SourceVersion "1"]
[SourceVersionDate "2008.11.26"]
[SourceQuality "1"]

1. g3 d5 2. Bg2 c6 3. d3 Nf6 4. Nd2 e5 5. e4 dxe4 6. dxe4 Bc5 7. Ngf3 0-0 8. 0-0 Re8 9. Qe2 Bg4 10. h3 Bh5 11. g4 Bg6 12. Ne1 Nbd7 13. Nd3 Bf8 14. a4 Nc5 15. Nxc5 Bxc5 16. a5 Nd7 17. c3 Nf8 18. b4 Be7 19. Nc4 Bg5 20. Rd1 Qf6 21. Nd6 Re7 22. Nf5 Bxf5 23. exf5 Bxc1 24. Raxc1 h5 25. Rd3 Rae8 26. Be4 Nh7 27. Rcd1 Qh4 28. Kg2 a6 29. c4 Nf6 30. f3 Qg5 31. Kh1 Qf4 32. Qg2 hxg4 33. hxg4 Qg5 34. Kg1 g6 35. fxg6 fxg6 36. Qd2 Nxe4 37. fxe4 Qxg4+ 38. Qg2 Qxg2+ 39. Kxg2 Kg7 40. b5 cxb5 41. cxb5 axb5 42. Rb1 Rc8 43. Rxb5 Rc4 44. Rdb3 Rxe4 45. Rxb7 Rxb7 46. Rxb7+ Kf6 47. a6 Ra4 48. a7 Kf5 49. Kf3 Ra3+ 50. Ke2 g5 51. Rf7+ Ke4 52. Kf2 Ra5 53. Rd7 Kf4 54. Rf7+ Kg4 55. Re7 Kf5 56. Rf7+ Ke6 57. Rb7 Ra3 58. Ke2 Kf6 59. Kf2 e4 60. Ke2 Kf5 61. Rf7+ Kg4 62. Re7 Kf4 63. Rf7+ Kg3 64. Re7 g4 65. Rh7 Kg2 66. Rg7 g3 67. Rh7 Ra2+ 68. Ke3 Ra4 69. Ke2 Ra3 70. Re7 Kh2 71. Rh7+ Kg1 72. Rg7 g2 73. Rh7 Ra2+ 74. Ke3 Ra4 75. Ke2 Ra1 76. Ke3 Kf1 77. Rf7+ Ke1 78. Rg7 Kf1 79. Rf7+ Kg1 80. Rh7 1/2-1/2

[Event "Tatarstan-ch op"]
[Site "Kazan"]
[Date "2007.08.20"]
[Round "1"]
[White "Panchenko, Alexander N"]
[Black "Tsaregorodtsev, Mikhail"]
[Result "1-0"]
[WhiteElo "2254"]
[BlackElo "2013"]
[PlyCount "75"]
[EventDate "2007.08.20"]
[EventType "swiss"]
[EventRounds "9"]
[EventCountry "RUS"]
[SourceTitle "EXT 2009"]
[Source "ChessBase"]
[SourceDate "2008.11.26"]
[SourceVersion "1"]
[SourceVersionDate "2008.11.26"]
[SourceQuality "1"]

1. Nf3 e6 2. c4 f5 3. g3 Nf6 4. Bg2 Be7 5. 0-0 0-0 6. d3 d6 7. Nc3 e5 8. b4 c6 9. b5 Qc7 10. Rb1 Bd7 11. Qb3 c5 12. Bg5 Be6 13. b6 Qd7 14. Nd5 Bxd5 15. cxd5 a6 16. Nxe5 dxe5 17. d6+ Kh8 18. dxe7 Qxe7 19. Rfc1 h6 20. Bxf6 Rxf6 21. Qa3 Nc6 22. Qxc5 Qe8 23. Qe3 Rc8 24. Rc5 Re6 25. Bd5 Re7 26. Rbc1 e4 27. dxe4 fxe4 28. R1c4 Qd7 29. Rxe4 Rce8 30. Bxc6 bxc6 31. Rxe7 Rxe7 32. Re5 Rf7 33. Re8+ Kh7 34. Qe4+ g6 35. Re6 Qd1+ 36. Kg2 Qd5 37. Qxd5 cxd5 38. Rc6 1-0

[Event "Nerezine 3rd"]
[Site "Nerezine"]
[Date "2002.08.29"]
[Round "8"]
[White "Mar, Karmen"]
[Black "Panchenko, Alexander N"]
[Result "0-1"]
[WhiteElo "2210"]
[BlackElo "2376"]
[PlyCount "100"]
[EventDate "2002.08.25"]
[EventType "tourn"]
[EventRounds "11"]
[EventCountry "BUL"]
[EventCategory "3"]
[SourceTitle "EXT 2006"]
[Source "ChessBase"]
[SourceDate "2005.11.24"]
[SourceVersion "1"]
[SourceVersionDate "2005.11.24"]
[SourceQuality "1"]

1. e4 d6 2. d4 Nf6 3. Nc3 e5 4. dxe5 dxe5 5. Qxd8+ Kxd8 6. Bg5 Be6 7. 0-0-0+ Kc8 8. Nf3 Nbd7 9. a3 a6 10. Nd2 Ng4 11. Bh4 Bc5 12. f3 Ne3 13. Re1 Nxf1 14. Rhxf1 b5 15. Bf2 c6 16. Bxc5 Nxc5 17. g3 a5 18. f4 b4 19. Nd1 f6 20. Ne3 Nd7 21. Ndc4 Kc7 22. Rd1 bxa3 23. bxa3 exf4 24. gxf4 Bxc4 25. Nxc4 Rhe8 26. Rxd7+ Kxd7 27. Nb6+ Ke6 28. Nxa8 Rxa8 29. Rd1 Rb8 30. Rd3 g5 31. fxg5 fxg5 32. Rh3 Rh8 33. Rh6+ Ke5 34. Rxc6 h5 35. Rc5+ Kf4 36. Rf5+ Kg4 37. Kd2 Rg8 38. Rf2 Kh3 39. e5 g4 40. Ke1 h4 41. Kf1 g3 42. hxg3 hxg3 43. Re2 Rb8 44. Re1 Kh2 45. e6 g2+ 46. Kf2 Re8 47. c4 Rxe6 48. Rxe6 g1Q+ 49. Kf3 Qf1+ 50. Ke4 Qxc4+ 0-1

[Event "Nerezine 3rd"]
[Site "Nerezine"]
[Date "2002.08.24"]
[Round "1"]
[White "Zakharchenko, Arnold"]
[Black "Panchenko, Alexander N"]
[Result "1/2-1/2"]
[WhiteElo "2382"]
[BlackElo "2376"]
[PlyCount "43"]
[EventDate "2002.08.25"]
[EventType "tourn"]
[EventRounds "11"]
[EventCountry "BUL"]
[EventCategory "3"]
[SourceTitle "EXT 2006"]
[Source "ChessBase"]
[SourceDate "2005.11.24"]
[SourceVersion "1"]
[SourceVersionDate "2005.11.24"]
[SourceQuality "1"]

1. d4 Nf6 2. c4 e6 3. Nc3 Bb4 4. Qc2 0-0 5. a3 Bxc3+ 6. Qxc3 d6 7. Bg5 Nbd7 8. f3 Re8 9. e4 e5 10. Nh3 a5 11. d5 Nc5 12. Nf2 Nxd5 13. Bxd8 Nxc3 14. Bxc7 Nb3 15. bxc3 Nxa1 16. Bxd6 Nb3 17. c5 Be6 18. Bb5 Rec8 19. Nd3 f6 20. a4 Rd8 21. Nb2 b6 22. Bc7 1/2-1/2

[Event "Nyiregyhaza op"]
[Site "Nyiregyhaza"]
[Date "2001.07.15"]
[Round "9"]
[White "Panchenko, Alexander N"]
[Black "Prokopisin, Vasily"]
[Result "0-1"]
[WhiteElo "2405"]
[BlackElo "2359"]
[PlyCount "73"]
[EventDate "2001.07.07"]
[EventType "swiss"]
[EventRounds "9"]
[EventCountry "HUN"]
[SourceTitle "EXT 2008"]
[Source "ChessBase"]
[SourceDate "2007.11.25"]
[SourceVersion "1"]
[SourceVersionDate "2007.11.25"]
[SourceQuality "1"]

1. d4 Nf6 2. Nf3 e6 3. c4 c5 4. d5 exd5 5. cxd5 d6 6. Nc3 g6 7. e4 Bg7 8. Be2 0-0 9. 0-0 Re8 10. Nd2 Na6 11. Re1 Nc7 12. Rb1 Nd7 13. Nc4 Ne5 14. Ne3 b6 15. Qc2 h5 16. Bd2 Rb8 17. a3 Qe7 18. Bf1 Qg5 19. Kh1 Qh4 20. g3 Qf6 21. f4 Nf3 22. Rec1 Qd4 23. Rd1 Nxd2 24. Rxd2 Qf6 25. Bg2 Qd8 26. Re1 Ba6 27. e5 dxe5 28. f5 g5 29. Ne4 Bb7 30. d6 Nb5 31. d7 Rf8 32. Qd1 f6 33. Qxh5 Nd4 34. Qg6 Qxd7 35. Ng4 Bxe4 36. Bxe4 Rbd8 37. Ne3 0-1

[Event "Nyiregyhaza op"]
[Site "Nyiregyhaza"]
[Date "2001.07.08"]
[Round "2"]
[White "Balint, Vilmos"]
[Black "Panchenko, Alexander N"]
[Result "1/2-1/2"]
[WhiteElo "2210"]
[BlackElo "2405"]
[PlyCount "82"]
[EventDate "2001.07.07"]
[EventType "swiss"]
[EventRounds "9"]
[EventCountry "HUN"]
[SourceTitle "EXT 2008"]
[Source "ChessBase"]
[SourceDate "2007.11.25"]
[SourceVersion "1"]
[SourceVersionDate "2007.11.25"]
[SourceQuality "1"]

1. e4 Nf6 2. Nc3 d6 3. d4 e5 4. dxe5 dxe5 5. Qxd8+ Kxd8 6. Bg5 Be6 7. 0-0-0+ Nbd7 8. Nd5 Bxd5 9. Rxd5 Bd6 10. f3 h6 11. Bxf6+ Nxf6 12. Rd1 Ke7 13. Bc4 Bc5 14. Ne2 c6 15. c3 a5 16. a3 b5 17. Bb3 Ra7 18. Rd3 Nd7 19. Rhd1 Nb6 20. Kc2 Rc8 21. Ng3 g6 22. Nf1 h5 23. g3 h4 24. R3d2 Rh8 25. g4 Rb8 26. Rd3 Nc4 27. Rb1 Nd6 28. Ba2 b4 29. a4 Rab7 30. Nd2 bxc3 31. bxc3 Rxb1 32. Nxb1 Nb7 33. Rd1 Bd6 34. Nd2 Nc5 35. Bb3 Kf6 36. Rb1 Bc7 37. Kd1 Rd8 38. Bc2 Ke7 39. Ke1 Kd7 40. Nc4 Kc8 41. Rd1 Rxd1+ 1/2-1/2

[Event "Pula op 15th"]
[Site "Pula"]
[Date "2001.05.25"]
[Round "8"]
[White "Panchenko, Alexander N"]
[Black "Macek, Vlasta"]
[Result "1-0"]
[WhiteElo "2377"]
[BlackElo "2234"]
[PlyCount "46"]
[EventDate "2001.05.18"]
[EventType "swiss"]
[EventRounds "9"]
[EventCountry "CRO"]
[SourceTitle "CBM 082 Extra"]
[Source "ChessBase"]
[SourceDate "2001.07.03"]
[SourceVersion "1"]
[SourceVersionDate "2001.07.03"]
[SourceQuality "1"]

1. Nf3 d5 2. e3 c6 3. c4 Nf6 4. d4 a6 5. Bd3 b5 6. cxb5 cxb5 7. Ne5 Nfd7 8. f4 e6 9. 0-0 Bb7 10. Nd2 Nc6 11. Nb3 Ncxe5 12. fxe5 f5 13. Bd2 b4 14. a3 a5 15. axb4 Bxb4 16. Bxb4 axb4 17. Qd2 Qb6 18. Rxa8+ Bxa8 19. Ra1 Bb7 20. Ra4 0-0 21. Qxb4 Qxb4 22. Rxb4 Ba8 23. Nc5 Bc6 1-0

[Event "Pula op 15th"]
[Site "Pula"]
[Date "2001.05.21"]
[Round "4"]
[White "Panchenko, Alexander N"]
[Black "Martic, Zlatko"]
[Result "1/2-1/2"]
[WhiteElo "2377"]
[BlackElo "2247"]
[PlyCount "34"]
[EventDate "2001.05.18"]
[EventType "swiss"]
[EventRounds "9"]
[EventCountry "CRO"]
[SourceTitle "CBM 082 Extra"]
[Source "ChessBase"]
[SourceDate "2001.07.03"]
[SourceVersion "1"]
[SourceVersionDate "2001.07.03"]
[SourceQuality "1"]

1. Nf3 g6 2. d4 Bg7 3. e4 d6 4. c3 Nf6 5. Bd3 0-0 6. 0-0 c5 7. dxc5 dxc5 8. Bg5 Nc6 9. Qc2 b6 10. Nbd2 Bb7 11. Rfe1 Qc7 12. a4 Rad8 13. Bf1 Ng4 14. h3 Nge5 15. Nxe5 Bxe5 16. Nc4 Bh2+ 17. Kh1 Bf4 1/2-1/2

[Event "Pula op 15th"]
[Site "Pula"]
[Date "2001.05.20"]
[Round "3"]
[White "Pavasovic, Dusko"]
[Black "Panchenko, Alexander N"]
[Result "1-0"]
[WhiteElo "2515"]
[BlackElo "2377"]
[PlyCount "45"]
[EventDate "2001.05.18"]
[EventType "swiss"]
[EventRounds "9"]
[EventCountry "CRO"]
[SourceTitle "CBM 082 Extra"]
[Source "ChessBase"]
[SourceDate "2001.07.03"]
[SourceVersion "1"]
[SourceVersionDate "2001.07.03"]
[SourceQuality "1"]

1. e4 c5 2. c3 Nf6 3. e5 Nd5 4. Nf3 Nc6 5. d4 cxd4 6. cxd4 d6 7. Bc4 Nb6 8. Bb3 dxe5 9. d5 Na5 10. Nc3 Nxb3 11. Qxb3 e6 12. Nxe5 exd5 13. Be3 Bd6 14. Qb5+ Bd7 15. Nxd7 Qxd7 16. 0-0-0 Qxb5 17. Nxb5 Kd7 18. Bxb6 axb6 19. Rxd5 Kc6 20. Rhd1 Bc5 21. Nc3 Rhe8 22. a3 Re7 23. Kc2 1-0

[Event "Staufer op 11th"]
[Site "Schwaebisch Gmuend"]
[Date "1999.??.??"]
[Round "6"]
[White "Held, Paul"]
[Black "Panchenko, Alexander N"]
[Result "1/2-1/2"]
[WhiteElo "2295"]
[BlackElo "2430"]
[PlyCount "41"]
[EventDate "1999.01.02"]
[EventType "swiss"]
[EventRounds "9"]
[EventCountry "GER"]
[SourceTitle "CBM 068 Extra"]
[Source "ChessBase"]
[SourceDate "1999.03.01"]
[SourceVersion "1"]
[SourceVersionDate "1999.03.01"]
[SourceQuality "1"]

1. e4 Nf6 2. e5 Nd5 3. Nc3 Nxc3 4. dxc3 d6 5. Bf4 dxe5 6. Qxd8+ Kxd8 7. 0-0-0+ Nd7 8. Bxe5 f6 9. Bg3 e5 10. Bc4 Bd6 11. Ne2 Nb6 12. Bb3 Bg4 13. f3 Bh5 14. Bf2 Ke7 15. Rhe1 Bf7 16. Nd4 Rhd8 17. Nb5 Be8 18. c4 Bxb5 19. cxb5 a6 20. bxa6 Rxa6 21. Re4 1/2-1/2

[Event "Staufer op 11th"]
[Site "Schwaebisch Gmuend"]
[Date "1999.??.??"]
[Round "1"]
[White "Panchenko, Alexander N"]
[Black "Kuehne, Werner"]
[Result "1-0"]
[WhiteElo "2430"]
[BlackElo "1812"]
[PlyCount "59"]
[EventDate "1999.01.02"]
[EventType "swiss"]
[EventRounds "9"]
[EventCountry "GER"]
[SourceTitle "CBM 068 Extra"]
[Source "ChessBase"]
[SourceDate "1999.03.01"]
[SourceVersion "1"]
[SourceVersionDate "1999.03.01"]
[SourceQuality "1"]

1. d4 Nf6 2. Nf3 d5 3. c4 c6 4. Qc2 g6 5. Bf4 Nbd7 6. cxd5 Nxd5 7. Bd2 Bg7 8. e4 N5f6 9. Be2 0-0 10. 0-0 e6 11. Bb4 Re8 12. Rd1 Qb6 13. Bd6 a5 14. Nbd2 Qd8 15. h3 Nf8 16. Bh2 N6d7 17. Nc4 f5 18. exf5 exf5 19. Nd6 Re7 20. Qb3+ Ne6 21. Nxb7 Bxb7 22. Qxb7 Ndf8 23. Qxc6 Rc8 24. Qa4 Qb6 25. Qb3 Rb7 26. Bc4 Kh8 27. Bd5 Qxb3 28. axb3 Rd7 29. Rxa5 Nxd4 30. Ne5 1-0

[Event "ESP Ronda op"]
[Site "Spain"]
[Date "1998.??.??"]
[Round "?"]
[White "Alfonso Nogue, Beatriz"]
[Black "Panchenko, Alexander N"]
[Result "0-1"]
[WhiteElo "2185"]
[BlackElo "2430"]
[PlyCount "53"]
[EventDate "1998.??.??"]
[EventType "swiss"]
[EventRounds "9"]
[EventCountry "ESP"]
[SourceTitle "EXT 2003"]
[Source "ChessBase"]
[SourceDate "2002.11.25"]
[SourceVersion "1"]
[SourceVersionDate "2002.11.25"]
[SourceQuality "1"]

1. d4 f5 2. g3 e6 3. Bg2 Nf6 4. Nf3 Be7 5. c4 d6 6. Nc3 0-0 7. 0-0 Qe8 8. Qc2 Qh5 9. e4 e5 10. dxe5 dxe5 11. Nd5 Bd8 12. exf5 Bxf5 13. Qb3 Nbd7 14. Qxb7 Rb8 15. Qxa7 Bd3 16. Rd1 Be2 17. Nxf6+ Bxf6 18. Rxd7 Bxf3 19. Bxf3 Qxf3 20. Qe3 Qc6 21. Qd3 Kh8 22. Qd5 Qb6 23. b3 c6 24. Qe4 Qb4 25. Be3 Qc3 26. Rad1 Ra8 27. R7d2 0-1

[Event "ESP Ronda op"]
[Site "Spain"]
[Date "1998.??.??"]
[Round "?"]
[White "Fabregas Fernandez, Bernat"]
[Black "Panchenko, Alexander N"]
[Result "0-1"]
[WhiteElo "2290"]
[BlackElo "2430"]
[PlyCount "64"]
[EventDate "1998.??.??"]
[EventType "swiss"]
[EventRounds "9"]
[EventCountry "ESP"]
[SourceTitle "EXT 2003"]
[Source "ChessBase"]
[SourceDate "2002.11.25"]
[SourceVersion "1"]
[SourceVersionDate "2002.11.25"]
[SourceQuality "1"]

1. d4 Nf6 2. g3 d5 3. Bg2 g6 4. Nf3 Bg7 5. 0-0 0-0 6. c4 dxc4 7. Na3 Nc6 8. Nxc4 Be6 9. Nce5 Bd5 10. Nxc6 Bxc6 11. b3 a5 12. a4 Be4 13. Ba3 Re8 14. Rc1 c6 15. e3 Qc8 16. Ne1 Bxg2 17. Kxg2 e5 18. dxe5 Rxe5 19. Bb2 Rd5 20. Qe2 Qe6 21. Bxf6 Bxf6 22. Nf3 Rad8 23. Qc2 Rd3 24. Nd4 Qe4+ 25. Nf3 g5 26. Qc4 Qxc4 27. Rxc4 Rxb3 28. e4 g4 29. Ng1 Rb4 30. Rfc1 Rd2 31. Rc5 Rxa4 32. e5 Raa2 0-1

[Event "ESP Ronda op"]
[Site "Spain"]
[Date "1998.??.??"]
[Round "?"]
[White "Monzon Cervera, Cristian"]
[Black "Panchenko, Alexander N"]
[Result "1/2-1/2"]
[WhiteElo "2285"]
[BlackElo "2430"]
[PlyCount "65"]
[EventDate "1998.??.??"]
[EventType "swiss"]
[EventRounds "9"]
[EventCountry "ESP"]
[SourceTitle "EXT 2003"]
[Source "ChessBase"]
[SourceDate "2002.11.25"]
[SourceVersion "1"]
[SourceVersionDate "2002.11.25"]
[SourceQuality "1"]

1. c4 e6 2. Nf3 d5 3. cxd5 exd5 4. d4 c6 5. Nc3 Nf6 6. Bg5 Be7 7. Qc2 g6 8. e4 Nxe4 9. Bxe7 Qxe7 10. Nxd5 cxd5 11. Qxc8+ Qd8 12. Bb5+ Ke7 13. Qxb7+ Nd7 14. 0-0 Nef6 15. Bc6 Rb8 16. Qxa7 Qb6 17. Qa3+ Qb4 18. Qe3+ Kf8 19. Bxd7 Nxd7 20. Ne5 Rb7 21. Qh6+ Kg8 22. Rac1 Qf8 23. Qxf8+ Nxf8 24. b3 Kg7 25. Rc5 Ne6 26. Rxd5 Ra8 27. Nd3 Rxa2 28. b4 Rd2 29. Nc5 Rxb4 30. Nxe6+ fxe6 31. Rd7+ Kh6 32. Rd6 Rbxd4 33. Rxe6 1/2-1/2